Online
Catalog

Rights in conflict : (Record no. 1223)

MARC details
000 -CABECERA
campo de control de longitud fija 01185cam a22002537a 4500
001 - NÚMERO DE CONTROL
campo de control 000001280
005 - FECHA Y HORA DE LA ÚLTIMA TRANSACCIÓN
campo de control 20250916134336.0
008 - DATOS DE LONGITUD FIJA--INFORMACIÓN GENERAL
campo de control de longitud fija 690213s1968 nyuab 001 0 eng
040 ## - FUENTE DE LA CATALOGACIÓN
Centro catalogador/agencia de origen DO-SdBNP
Lengua de catalogación spa
Centro/agencia transcriptor BNPHU
082 ## - NÚMERO DE LA CLASIFICACIÓN DECIMAL DEWEY
Número de clasificación 303.623
Número de documento/Ítem W177r
100 1# - ENTRADA PRINCIPAL--NOMBRE DE PERSONA
Nombre de persona Walker, Daniel,
Fechas asociadas al nombre 1922-
9 (RLIN) 4337
245 10 - MENCIÓN DE TÍTULO
Título Rights in conflict :
Resto del título the violent confrontation of demonstrators and police in the parks and streets of Chicago during the week of the Democratic National Convention of 1968. A report /
Mención de responsabilidad, etc. Daniel Walker ; introducción, Max Frankel.
260 ## - PUBLICACIÓN, DISTRIBUCIÓN, ETC.
Lugar de publicación, distribución, etc. New York :
Nombre del editor, distribuidor, etc. Bantman Books,
Fecha de publicación, distribución, etc. 1968.
300 ## - DESCRIPCIÓN FÍSICA
Extensión xx, 362 p. :
Otras características físicas il., mapas ;
Dimensiones 18 cm.
500 ## - NOTA GENERAL
Nota general Comunmente conocido como el informe de Walker.
650 #4 - PUNTO DE ACCESO ADICIONAL DE MATERIA--TÉRMINO DE MATERIA
Término de materia o nombre geográfico como elemento de entrada Sedición milital
9 (RLIN) 4338
650 #4 - PUNTO DE ACCESO ADICIONAL DE MATERIA--TÉRMINO DE MATERIA
Término de materia o nombre geográfico como elemento de entrada Conflicto
9 (RLIN) 4339
650 #0 - PUNTO DE ACCESO ADICIONAL DE MATERIA--TÉRMINO DE MATERIA
Término de materia o nombre geográfico como elemento de entrada Violencia
9 (RLIN) 1750
650 #4 - PUNTO DE ACCESO ADICIONAL DE MATERIA--TÉRMINO DE MATERIA
Término de materia o nombre geográfico como elemento de entrada Policía
9 (RLIN) 4340
611 24 - PUNTO DE ACCESO ADICIONAL DE MATERIA--NOMBRE DE REUNIÓN/CONGRESO
Nombre de congreso/reunión o jurisdicción como elemento de entrada CONVENCIÓN NACIONAL DEMÓCRATA
Fecha del congreso/reunión (1968
Sede del congreso/Lugar de la reunión CHICAGO, ILLl.)
9 (RLIN) 4341
740 0# - PUNTO DE ACCESO ADICIONAL--TÍTULO RELACIONADO O ANALÍTICO NO CONTROLADO
Título relacionado o analítico no controlado Walker informe sobre los violentos enfrentamientos de manifestantes y la policía en los parques y las calles de Chicago
710 1# - PUNTO DE ACCESO ADICIONAL--NOMBRE DE ENTIDAD CORPORATIVA
Nombre de entidad corporativa o nombre de jurisdicción como elemento de entrada Estados Unidos.
Unidad subordinada Comisión Nacional sobre las Causas y la Prevención de la Violencia.
9 (RLIN) 4342
700 1# - PUNTO DE ACCESO ADICIONAL--NOMBRE DE PERSONA
Nombre de persona Frankel, Max,
Término indicativo de función/relación Introd.
9 (RLIN) 4343
Holdings
Estado de retiro Estado de pérdida Restricciones de uso No para préstamo Código de colección Localización permanente Ubicación/localización actual Ubicación en estantería Fecha de adquisición Número de inventario Total de préstamos Signatura topográfica completa Código de barras Fecha visto por última vez Precio válido a partir de Tipo de ítem Koha
    Préstamo interno   Monografías: Libros y Folletos General General En catalogación 29.08.2009 LF1   303.623 W177r 1280-10 25.06.2020 25.06.2020 Préstamo interno

Powered by Koha